|
|
|
|
| LEADER |
00000nam0a2200000 4500 |
| 001 |
31832 |
| 005 |
20231101210048.0 |
| 035 |
|
|
|a (RuTPU)RU\TPU\book\32126
|
| 035 |
|
|
|a BOOK00000205
|
| 090 |
|
|
|a 31832
|
| 100 |
|
|
|a 20011210d1977 km y0rusy50 ca
|
| 101 |
0 |
|
|a rus
|
| 102 |
|
|
|a RU
|
| 105 |
|
|
|a y a 000zb
|
| 200 |
1 |
|
|a Виктор Моисеевич Витюгин
|e биобиблиографический указатель
|f Томский политехнический институт; Научно-техническая библиотека; сост. Г. М. Петровская, В. А. Трофимов
|
| 210 |
|
|
|a Томск
|c [Б. и.]
|d 1977
|
| 215 |
|
|
|a 31 л.
|
| 225 |
1 |
|
|a Ученые ТПИ
|
| 600 |
|
1 |
|a Витюгин
|b В. М.
|g Виктор Моисеевич
|c российский химик-технолог
|c зав. кафедрой общей химической технологии Томского политехнического института
|f 1927-1989
|y Томск
|2 stltpush
|3 (RuTPU)RU\TPU\pers\12387
|
| 601 |
0 |
2 |
|a Томский политехнический институт (ТПИ)
|c (1944-1991)
|2 stltpush
|3 (RuTPU)RU\TPU\col\1123
|
| 606 |
1 |
|
|a Химики
|x Персоналии
|2 stltpush
|3 (RuTPU)RU\TPU\subj\69968
|9 84576
|
| 606 |
1 |
|
|a Библиографические пособия
|x Отраслевые
|2 stltpush
|3 (RuTPU)RU\TPU\subj\28539
|9 52057
|
| 610 |
1 |
|
|a библиографические указатели
|
| 610 |
1 |
|
|a ТПИ
|
| 610 |
1 |
|
|a труды учёных
|
| 610 |
1 |
|
|a история
|
| 610 |
1 |
|
|a библиографические пособия
|
| 610 |
1 |
|
|a химическая технология
|
| 610 |
1 |
|
|a процессы
|
| 610 |
1 |
|
|a аппараты
|
| 610 |
1 |
|
|a Коллекция История ТПУ
|
| 675 |
|
|
|a 54(092)(01)
|v 3
|
| 686 |
|
|
|a Я19:54
|v LBC/SL-A
|2 rubbk
|
| 702 |
|
1 |
|a Петровская
|b Г. М.
|g Галина Марьяновна
|4 220
|
| 702 |
|
1 |
|a Трофимов
|b В. А.
|4 220
|
| 712 |
0 |
2 |
|a Томский политехнический институт (ТПИ)
|b Научно-техническая библиотека (НТБ)
|2 stltpush
|3 (RuTPU)RU\TPU\col\15104
|
| 801 |
|
0 |
|a RU
|b 63413507
|c 20011210
|g PSBO
|
| 801 |
|
2 |
|a RU
|b 63413507
|c 20210126
|g PSBO
|
| 942 |
|
|
|c BK
|